|
|
|
|
| LEADER |
01361cam a22003614a 4500 |
| 001 |
c000402577 |
| 003 |
CARM |
| 005 |
20190319102454.0 |
| 008 |
190319s2002 ne b 000 0 eng |
| 010 |
|
|
|a 2002513256
|
| 019 |
1 |
|
|a 69841928
|5 LACONCORD2021
|
| 020 |
|
|
|a 9067643580
|
| 035 |
|
|
|a (OCoLC)49867525
|5 LACONCORD2021
|
| 040 |
|
|
|a DLC
|b eng
|c DLC
|
| 042 |
|
|
|a pcc
|
| 050 |
0 |
0 |
|a QC20.7.D5
|b B45 2002
|
| 082 |
0 |
0 |
|a 530.15/5353
|2 21
|
| 100 |
1 |
|
|a Belov, Yu. Ya.
|
| 245 |
1 |
0 |
|a Inverse problems for partial differential equations /
|c Yu. Ya. Belov.
|
| 260 |
|
|
|a Utrecht ;
|a Boston :
|b VSP,
|c 2002.
|
| 300 |
|
|
|a viii, 211 p. ;
|c 25 cm.
|
| 490 |
1 |
|
|a Inverse and ill-posed problems series
|
| 504 |
|
|
|a Includes bibliographical references (p. [201]-211)
|
| 650 |
|
0 |
|a Differential equations, Partial.
|
| 650 |
|
0 |
|a Inverse problems (Differential equations)
|
| 650 |
|
0 |
|a Mathematical physics.
|
| 852 |
8 |
|
|b CARM
|i C13748
|p 0652821
|f BK
|
| 852 |
8 |
|
|b SCAN
|h A3:AH18G0
|i C13748
|p 0652821
|f BK
|
| 852 |
8 |
|
|b SCAN
|h A3:AH18G0
|i C13748
|p 0652821
|f BK
|
| 830 |
|
0 |
|a Inverse and ill-posed problems series
|
| 999 |
f |
f |
|i 6ecfba7b-6369-56f3-b736-4c147c74a3a6
|s aad80489-52fa-5d0f-8617-69cb0d0fabd8
|
| 952 |
f |
f |
|p Can circulate
|a CAVAL
|b CAVAL
|c CAVAL
|d CARM 1 Store
|e C13748
|h Other scheme
|i book
|m 0652821
|
| 952 |
f |
f |
|a CAVAL
|b CAVAL
|c CAVAL
|d Unmapped Location
|e C13748
|f A3:AH18G0
|h Other scheme
|